<?xml version="1.0" encoding="UTF-8"?>
<record
    xmlns:xsi="http://www.w3.org/2001/XMLSchema-instance"
    xsi:schemaLocation="http://www.loc.gov/MARC21/slim http://www.loc.gov/standards/marcxml/schema/MARC21slim.xsd"
    xmlns="http://www.loc.gov/MARC21/slim">

  <leader>01538nam1a2200361 i 4500</leader>
  <controlfield tag="001">RU\NLR\b_ik\159943</controlfield>
  <controlfield tag="005">20241225154844.0</controlfield>
  <datafield tag="035" ind1=" " ind2=" ">
    <subfield code="a">(NLR Aleph) 002232822</subfield>
  </datafield>
  <datafield tag="090" ind1=" " ind2=" ">
    <subfield code="a">3450971</subfield>
    <subfield code="c">3450971</subfield>
  </datafield>
  <datafield tag="100" ind1=" " ind2=" ">
    <subfield code="a">20070627d2004    u  y0rusy50      ba</subfield>
  </datafield>
  <datafield tag="101" ind1="0" ind2=" ">
    <subfield code="a">eng</subfield>
  </datafield>
  <datafield tag="102" ind1=" " ind2=" ">
    <subfield code="a">RU</subfield>
  </datafield>
  <datafield tag="105" ind1=" " ind2=" ">
    <subfield code="a">||||z   |||||</subfield>
  </datafield>
  <datafield tag="200" ind1="1" ind2=" ">
    <subfield code="a">Chronopathology of hemostasis system</subfield>
    <subfield code="f">L.G. Khetagurova, K.D. Salbiev, F.S. Datiyeva</subfield>
  </datafield>
  <datafield tag="210" ind1=" " ind2=" ">
    <subfield code="a">Vladikavkaz</subfield>
    <subfield code="c">&#x41F;&#x440;&#x43E;&#x435;&#x43A;&#x442;-&#x43F;&#x440;&#x435;&#x441;&#x441;</subfield>
    <subfield code="d">2004</subfield>
  </datafield>
  <datafield tag="215" ind1=" " ind2=" ">
    <subfield code="d">25</subfield>
  </datafield>
  <datafield tag="300" ind1=" " ind2=" ">
    <subfield code="a">&#x417;&#x430;&#x433;&#x43B;. &#x43E;&#x431;&#x43B;.: Chronopathology</subfield>
  </datafield>
  <datafield tag="320" ind1=" " ind2=" ">
    <subfield code="a">&#x411;&#x438;&#x431;&#x43B;&#x438;&#x43E;&#x433;&#x440;. &#x432; &#x43A;&#x43E;&#x43D;&#x446;&#x435; &#x442;&#x43E;&#x43C;&#x43E;&#x432;</subfield>
  </datafield>
  <datafield tag="463" ind1=" " ind2="1">
    <subfield code="1">001RU\NLR\b_ik\159280</subfield>
    <subfield code="1">200##$aVol. 1</subfield>
    <subfield code="0">RU\NLR\b_ik\159280</subfield>
    <subfield code="9">3442466</subfield>
    <subfield code="p">159 &#x441;.</subfield>
    <subfield code="t">Chronopathology of hemostasis system. - Vol. 1</subfield>
    <subfield code="y">5-88734-001-0</subfield>
  </datafield>
  <datafield tag="463" ind1=" " ind2="0">
    <subfield code="1">001RU\NLR\b_ik\159255</subfield>
    <subfield code="0">RU\NLR\b_ik\159255</subfield>
    <subfield code="9">3442141</subfield>
    <subfield code="f">L.G. Khetagurova, K.D. Salbiyev, M.R. Katayeva [et al.]</subfield>
    <subfield code="p">255 &#x441;.</subfield>
    <subfield code="t">Chronopathology of hemostasis system. - Vol. 2</subfield>
    <subfield code="y">5-88734-002-9</subfield>
  </datafield>
  <datafield tag="517" ind1="1" ind2=" ">
    <subfield code="a">Chronopathology</subfield>
  </datafield>
  <datafield tag="541" ind1="0" ind2=" ">
    <subfield code="a">&#x425;&#x440;&#x43E;&#x43D;&#x43E;&#x43F;&#x430;&#x442;&#x43E;&#x43B;&#x43E;&#x433;&#x438;&#x44F; &#x433;&#x435;&#x43C;&#x43E;&#x441;&#x442;&#x430;&#x437;&#x430;</subfield>
    <subfield code="z">rus</subfield>
  </datafield>
  <datafield tag="606" ind1="1" ind2=" ">
    <subfield code="a">&#x413;&#x435;&#x43C;&#x43E;&#x441;&#x442;&#x430;&#x437;</subfield>
    <subfield code="x">&#x425;&#x440;&#x43E;&#x43D;&#x43E;&#x43F;&#x430;&#x442;&#x43E;&#x43B;&#x43E;&#x433;&#x438;&#x44F;</subfield>
    <subfield code="9">2483646</subfield>
    <subfield code="3">RU\NLR\AUTH\661474168</subfield>
  </datafield>
  <datafield tag="606" ind1="1" ind2=" ">
    <subfield code="a">&#x425;&#x440;&#x43E;&#x43D;&#x43E;&#x43F;&#x430;&#x442;&#x43E;&#x444;&#x438;&#x437;&#x438;&#x43E;&#x43B;&#x43E;&#x433;&#x438;&#x44F;</subfield>
    <subfield code="9">2483574</subfield>
    <subfield code="3">RU\NLR\AUTH\661474132</subfield>
  </datafield>
  <datafield tag="686" ind1="1" ind2=" ">
    <subfield code="a">&#x420;252</subfield>
  </datafield>
  <datafield tag="686" ind1="1" ind2=" ">
    <subfield code="a">&#x420;252.71</subfield>
  </datafield>
  <datafield tag="700" ind1=" " ind2="1">
    <subfield code="a">Chetagurova</subfield>
    <subfield code="b">L. G.</subfield>
    <subfield code="g">Larisa Georgievna</subfield>
    <subfield code="4">070</subfield>
  </datafield>
  <datafield tag="701" ind1=" " ind2="1">
    <subfield code="a">Salbiev</subfield>
    <subfield code="b">K. D.</subfield>
    <subfield code="g">Kazbek Dachcikoevi&#x10D;</subfield>
    <subfield code="4">070</subfield>
  </datafield>
  <datafield tag="702" ind1=" " ind2="1">
    <subfield code="a">Datieva</subfield>
    <subfield code="b">F. S.</subfield>
    <subfield code="g">Fatima Sergeevna</subfield>
  </datafield>
  <datafield tag="801" ind1=" " ind2="0">
    <subfield code="a">RU</subfield>
    <subfield code="b">NLR</subfield>
    <subfield code="c">20070627</subfield>
    <subfield code="g">RCR</subfield>
  </datafield>
  <datafield tag="852" ind1=" " ind2=" ">
    <subfield code="a">NLR</subfield>
    <subfield code="b">&#x418;&#x43A;</subfield>
    <subfield code="j">2007-7/1297</subfield>
  </datafield>
  <datafield tag="942" ind1=" " ind2=" ">
    <subfield code="c">BOOK</subfield>
  </datafield>
</record>
